| 000 | 00479nam a2200205Ia 4500 | ||
|---|---|---|---|
| 005 | 20251020182524.0 | ||
| 008 | 200515s9999 xx 000 0 und d | ||
| 082 | _a691.321/N48/1999 | ||
| 100 | _aNEVILLE, A.M.BROOKS, J.J. | ||
| 245 | 0 | _aTecnología del concreto | |
| 260 | _aMéxico D.F. | ||
| 260 | _c1999 | ||
| 500 | _a1 ejemplar | ||
| 650 | _aAGREGADOS | ||
| 650 | _aAGUA | ||
| 650 | _aCEMENTO | ||
| 650 | _aLIB | ||
| 650 | _aTECNOLOGIA DEL CONCRETO | ||
| 942 | _cLIB | ||
| 999 |
_c1830 _d1830 |
||